| 000 | 00462nam a2200133 4500 | ||
|---|---|---|---|
| 020 | _a978-969-9532-02-3 | ||
| 082 |
_a294.5954 _bSHA |
||
| 245 | _aThe Hindu Heritage of Pakistan | ||
| 260 |
_aPakistan _bConstellation Plus _c2013 |
||
| 300 |
_a121p. : _bill. ; |
||
| 700 | _aDr. Safdar Ali Shah, & Syed Javaid A. Kazi | ||
| 942 | _cBK | ||
| 999 |
_c30371 _d30371 |
||